The Hunger Games - Cause of Death - Statistics

General Stats
  • This quiz has been taken 539 times
  • The average score is 7 of 8
Answer Stats
Cause of Death Name of Character % Correct
Mauled by Mutts/Mercy Kill Cato
95%
Eating Nightlock Berries Foxface
95%
Killed By Tracker Jackers Glimmer
94%
Speared Rue
93%
Shot by Arrow Marvel
85%
Head Smashed by Rock Clove
84%
Mauled by Mutts Thresh
76%
Executed Seneca Crane
49%
No matching quizzes found
Score Distribution
Percent of People with Each Score
Percentile by Number Answered
Your Score History
You have not taken this quiz